| 000 | 00807nam a2200205Ia 4500 | ||
|---|---|---|---|
| 003 | OSt | ||
| 005 | 20200813132202.0 | ||
| 008 | 191128s2002 ck ad gr 000 0 spa d | ||
| 040 |
_aCo-JMCR _cCo-JMCR |
||
| 041 | 0 | _aspa | |
| 082 | 0 | 4 |
_a368.019 / _bS861n _223 |
| 110 | 2 |
_aSuperintendencia Bancaria de Colombia _98723 |
|
| 245 | 1 | 0 |
_aNuevo enfoque de la supervisión : _bcontrol en seguros riesgos de mercado / _cSuperintendencia Bancaria de Colombia |
| 260 |
_aPaipa, Boyaca : _bTalleres gráficos Superintendencia Bancaria, _c2002. |
||
| 300 |
_a89 páginas : _bgráficos a blanco y negro ; _c24 cm. |
||
| 505 | 0 | _aPolíticas de supervisión y control -- La importancia de administrar el riesgo del mercado | |
| 650 | 2 | 4 |
_aControl en seguros _98724 |
| 650 | 2 | 4 |
_aRiesgo de mercado _98725 |
| 942 |
_2ddc _cBK |
||
| 999 |
_c6004 _d6004 |
||